000 00839nam a2200193 i 4500
001 159355
003 ES-MaACL
005 20230906211546.0
008 990323s1886 sp |||| | spa d
040 _aCCPB | B
_bspa
_cCCPB | B
245 0 0 _aMemoria leida en la Real Academia de Jurisprudenca y Legislación, en la sesión inaugural del curso 1886 a 1887 /
_cpor Lamberto Martínez Asenjo.
260 _aMadrid :
_b[s.n.],
_c1886 (
_fImprenta del Ministerio de Gracia y Justicia)
300 _a80 p. ;
_c24 cm.
596 _aMarca tip. en port.
610 2 _aReal Academia de Jurisprudencia y Legislación de España-
_vMemorias.
_9150092
700 1 _aMartínez Asenjo, Lamberto.
_9129621
852 _aES-MaACL
_jT-1433-F-3
_z-- Enc. hol., conservando la cub. original
_z-- Enc. en un vol. facticio
852 _aES-MaACL
_jT-459-F-1
999 _c159355
_d159355